| 000 | 01095nam a22002777a 4500 | ||
|---|---|---|---|
| 999 |
_c29235 _d29206 |
||
| 003 | EG-ScBUE | ||
| 005 | 20210713115753.0 | ||
| 008 | 200219s2012 waua f 000 0 eng d | ||
| 020 | _a9781560278580 | ||
| 020 | _a1560278587 | ||
| 040 |
_aEG-ScBUE _beng _erda _cEG-ScBUE _dEG-ScBUE |
||
| 043 | _an-us--- | ||
| 082 | 0 | 4 |
_a629.13252 _bFAR _222 |
| 110 | 1 |
_aUnited States. _bDepartment of Transportation. Federal Aviation Administration, _eauthor. |
|
| 245 | 0 | 0 |
_aFAR/AIM 2012 : _bfederal aviation regulations, aeronautical information manual rules and procedures for general aviation, sport pilots, and instructors. |
| 264 | 1 |
_aNewcastle, Washington : _bAviation Supplies & Academics, _c2012. |
|
| 300 |
_axvii, 1074 pages : _billustrations ; _c24 cm |
||
| 336 |
_2rdacontent _atext _btxt |
||
| 337 |
_2rdamedia _aunmediated _bn |
||
| 338 |
_2rdacarrier _avolume _bnc |
||
| 650 | 7 |
_aAeronautics _xLaw and legislation _zUnited States. _2BUEsh |
|
| 650 | 7 |
_aAir pilots _xLegal status, laws, etc. _zUnited States. _2BUEsh |
|
| 653 |
_bGGEN _cJuly2021 |
||
| 655 |
_vReading book _934232 |
||
| 942 |
_2ddc _cBB |
||